Organizácia cestovného ruchu vo Francúzsku

Francúzsky produkt cestovného ruchu. Distribúcia produktu cestovného ruchu. Maison de la France - ekonomické záujmové združenie, ktoré zoskupuje väčšinu dodávateľov cestovného ruchu vo Francúzsku. Regionálne výbory cestovného ruchu. Turistické informačné kancelárie - založené koncom minulého storoči...

Ausführliche Beschreibung

Gespeichert in:
Bibliographische Detailangaben
1. Verfasser: Trousset, M.-J
Format: Buchkapitel
Sprache:Slowakisch
Schlagworte:
Tags: Tag hinzufügen
Keine Tags, Fügen Sie das erste Tag hinzu!

MARC

LEADER 00000naa a2200000 4500
001 r026428
005 20230724103500.1
041 0 |a slo 
044 |a SK 
245 1 0 |a Organizácia cestovného ruchu vo Francúzsku  |c M.-J. Trousset 
520 |a Francúzsky produkt cestovného ruchu. Distribúcia produktu cestovného ruchu. Maison de la France - ekonomické záujmové združenie, ktoré zoskupuje väčšinu dodávateľov cestovného ruchu vo Francúzsku. Regionálne výbory cestovného ruchu. Turistické informačné kancelárie - založené koncom minulého storočia. 
610 2 0 |a ruch cestovný 
610 2 0 |a Francúzsko 
610 2 0 |a produkty 
610 2 0 |a distribúcia 
610 2 0 |a služby 
610 2 0 |a kancelárie cestovné 
610 2 0 |a informácie 
100 1 |a Trousset, M.-J.